Generalised versions of exponential distribution and T-X family: (Record no. 83953)

MARC details
000 -LEADER
fixed length control field 00980nam a22003137a 4500
003 - CONTROL NUMBER IDENTIFIER
control field OSt
005 - DATE AND TIME OF LATEST TRANSACTION
control field 20241211133822.0
008 - FIXED-LENGTH DATA ELEMENTS--GENERAL INFORMATION
fixed length control field 241211b |||||||| |||| 00| 0 eng d
040 ## - CATALOGING SOURCE
Transcribing agency STCPL
041 ## - LANGUAGE CODE
Language code of text/sound track or separate title English
082 ## - DEWEY DECIMAL CLASSIFICATION NUMBER
Classification number 519
Item number MEE-G
100 ## - MAIN ENTRY--PERSONAL NAME
Personal name Meenu Jose
110 ## - GUIDE
Theses guided by Guided by Dr Lishamol Tomy
111 ## - REARCH CENTRE
University and Center Dept. of Statistics, St. Thomas College Palai, Mahatma Gandhi University, Kottayam
245 ## - TITLE STATEMENT
Title Generalised versions of exponential distribution and T-X family:
Remainder of title Statistical modeling and applications /
Statement of responsibility, etc. by Meenu Jose
260 ## - PUBLICATION, DISTRIBUTION, ETC.
Place of publication, distribution, etc. Pala:
Date of publication, distribution, etc. March 2024
300 ## - PHYSICAL DESCRIPTION
Extent 208 p.
Other physical details Hard Back
650 ## - SUBJECT ADDED ENTRY--TOPICAL TERM
Topical term Statistics
650 ## - SUBJECT ADDED ENTRY--TOPICAL TERM
Topical term Exponential distribution
650 ## - SUBJECT ADDED ENTRY--TOPICAL TERM
Topical term T-X family
650 ## - SUBJECT ADDED ENTRY--TOPICAL TERM
Topical term Autoregressive process
650 ## - SUBJECT ADDED ENTRY--TOPICAL TERM
Topical term Circular distribution
650 ## - SUBJECT ADDED ENTRY--TOPICAL TERM
Topical term Lindley distribution
650 ## - SUBJECT ADDED ENTRY--TOPICAL TERM
Topical term Minification process
650 ## - SUBJECT ADDED ENTRY--TOPICAL TERM
Topical term Simulation study
650 ## - SUBJECT ADDED ENTRY--TOPICAL TERM
Topical term Time series modeling and analysis
942 ## - ADDED ENTRY ELEMENTS (KOHA)
Koha item type Theses
942 ## - ADDED ENTRY ELEMENTS (KOHA)
Source of classification or shelving scheme Dewey Decimal Classification
Suppress in OPAC No
Holdings
Withdrawn status Lost status Source of classification or shelving scheme Damaged status Not for loan Collection code Home library Current library Shelving location Date acquired Total Checkouts Full call number Barcode Date last seen Price effective from Koha item type
    Dewey Decimal Classification   Reference Book Statistics ST. THOMAS COLLEGE LIBRARY, PALAI ST. THOMAS COLLEGE LIBRARY, PALAI Theses 2024-12-11   519 MEE-G T321 2024-12-11 2024-12-11 Theses
Rights reserved ©2021 ST. THOMAS COLLEGE LIBRARY
A joint venture of - St. Thomas College Library and
Department of Computer Science, St. Thomas Collge Palai